|
|
|
|
| LEADER |
00799nam a22001817a 4500 |
| 008 |
140503b xxu||||| |||| 00| 0 eng d |
| 020 |
|
|
|a 9789383756063
|
| 082 |
|
|
|a 302.23 SAJ
|
| 100 |
|
|
|a സജീവ്, കമല്റാം
|
| 240 |
|
|
|a News deskile kaviyum chuvappum
|
| 245 |
|
|
|a ന്യൂസ്ഡെസ്കിലെ കാവിയും ചുവപ്പും /
|c കമല്റാം സജീവ്
|
| 260 |
|
|
|a കോഴിക്കോട് :
|b ഒലിവ്,
|c 2014.
|
| 300 |
|
|
|a 305p.
|
| 650 |
|
|
|a Media studies
|
| 700 |
|
|
|a Sajeev, Kamalram
|
| 942 |
|
|
|2 ddc
|c BK
|
| 999 |
|
|
|c 6349
|d 6349
|
| 952 |
|
|
|0 0
|1 0
|2 ddc
|4 0
|6 302_230000000000000_SAJ
|7 0
|9 9179
|a MAIN
|b MAIN
|d 2014-05-03
|e Olive Books (Kozhikode)
|g 350.00
|l 25
|m 4
|o 302.23 SAJ
|p 8532
|r 2018-07-06
|s 2018-07-04
|t 1
|w 2014-05-03
|y BK
|